Les Corts i el Barça : vuitanta-cinc anys d'història compartida / Manuel Tomàs i Belenguer vuitanta-cinc anys d'història compartida / Manuel Tomàs i Belenguer
ISBN:
978-84-9850-055-4
Descripción Física:
189 p. : fot. col. ; 24 cm
Colección:
Memòria de Barcelona
MARC
| LEADER | 00000nam a2200000Ia 4500 | ||
|---|---|---|---|
| 001 | 20854 | ||
| 008 | 160829s2007 xx 000 0 cat d | ||
| 020 | |a 978-84-9850-055-4 | ||
| 080 | |a P-1-79 | ||
| 100 | |a Tomàs Belenguer, Manuel |9 41175 | ||
| 245 | |a Les Corts i el Barça : |b vuitanta-cinc anys d'història compartida / Manuel Tomàs i Belenguer | ||
| 260 | |a Barcelona : |b Ajuntament de Barcelona. Districte de les Corts, |c 2007 | ||
| 300 | |a 189 p. : |b fot. col. ; |c 24 cm | ||
| 490 | |a Memòria de Barcelona | ||
| 590 | |a Bibliografia | ||
| 610 | 2 | 0 | |a Futbol Club Barcelona |x Història |9 55126 |
| 650 | |a Clubs esportius |x Barcelona (Catalunya) |x Història |9 41177 | ||
| 650 | |a Corts (Barcelona) |x Història |9 31500 | ||
| 710 | 2 | |a Barcelona (Catalunya). |b Districte de Les Corts |9 52915 | |
| 710 | 1 | |a Barcelona (Catalunya). |b Ajuntament |9 50981 | |
| 901 | |a Arxiu | ||
| 942 | |n 1 |2 udc | ||
| 952 | |0 0 |1 0 |4 0 |6 P179 |7 1 |9 50075 |a Arxiu |b Arxiu |d 2016-12-01 |l 0 |o P-1-79 |p 20854 |r 2016-12-01 00:00:00 |w 2016-12-01 |y ARXIU | ||
| 999 | |c 53917 |d 53917 | ||